000 00759nam a2200229Ii 4500
003 JO-AjNU
008 230605s9999||||xx |||||||||||||| ||und||
017 _a2003/15350
020 _a977-01-8839-5
040 _aJO-AjNU
_bara
_erda
_cJO-AjNU
041 _aara
050 1 4 _aPN2053.S2392 2003
100 3 _aكاظم، صافي ناز,
_eauthor
_915854
245 0 0 _aتاكسي الكلام
264 3 1 _aالقاهرة: مكتبة الأسرة،2003 ؛ مهرجان القراءة للجميع 2003
300 _a247ص
336 _atext
_btxt
_2rdacontent
337 _aunmediated
_bn
_2rdamedia
338 _avolume
_bnc
_2rdacarrier
490 0 _aسلسلة الأعمال الخاصة
650 4 _aالأدب العربي - قصص قصيرة
_915855
999 _aA4573
_c8141
_d8141